Sports Quiz

Random Sports or Football Quiz

15-Second Blitz: World Cup Winners Quiz Stats

 Plays Quiz not verified by Sporcle

Score 0/8 Timer 00:15
4 Plays Today
% Correct
Germany
93.1%
France
91.8%
Brazil
91.8%
Spain
90.4%
England
89.6%
Italy
88.9%
Argentina
87.5%
Uruguay
78.2%

You're not logged in!

Compare scores with friends on all Sporcle quizzes.
OR
Log In

Sporcle TV

Today on Sporcle TV


Watch our educational content, quiz creation guides, and fun videos on Sporcle TV.

Show Comments

Extras

Top Quizzes Today


Score Distribution

Your Account Isn't Verified!

In order to create a playlist on Sporcle, you need to verify the email address you used during registration. Go to your Sporcle Settings to finish the process.

Report this User

Report this user for behavior that violates our Community Guidelines.

Details: